| 000 | 00470nam a22001817a 4500 | ||
|---|---|---|---|
| 005 | 20251108170641.0 | ||
| 008 | 250721s1979 xx 000 0 eng d | ||
| 082 | 1 | 4 | _aR/020.3/MOH |
| 100 | 1 | _aEl- Benhawy, Mohamed Amin | |
| 245 | 1 | 0 | _aDictionary of library terms English - Arabic / |
| 250 | _a2nd | ||
| 264 | 1 |
_aJeddah : _bDar Al- Shuruk, _c1979. |
|
| 300 | _a296p. | ||
| 650 | 1 | 7 | _aLibrary Science |
| 650 | 1 | 7 | _aDictionaries |
| 942 |
_2ddc _cREF |
||
| 999 |
_c45717 _d45717 |
||